000 00834nam a2200205Ii 4500
003 JO-AjNU
008 230605s9999||||xx |||||||||||||| ||und||
017 _a1986/281
040 _aJO-AjNU
_bara
_erda
_cJO-AjNU
041 _aara
050 1 4 _aHD30.24 1986
100 3 _aعبدالكريم، عبدالعزيز مصطفى ، م.مشارك: طلال محمود كراوي,
_eauthor
_956651
245 0 0 _aتقييم المشاريع الاقتصادية : دراسة في تحليل الجدوى الاقتصادية وكفاءة الاداء
264 3 1 _aبغداد: جامعة الموصل، 1986
300 _a424ص
336 _atext
_btxt
_2rdacontent
337 _aunmediated
_bn
_2rdamedia
338 _avolume
_bnc
_2rdacarrier
650 4 _aالمشاريع الاقتصادية - الجدوى الاقتصادية
_956652
999 _aA25340
_c28908
_d28908